[Event "8MCR_4D_1L_4S"]
[Site "?"]
[Date "2008.??.??"]
[Round "?"]
[White "Sojka, Vaclav"]
[Black "Kyhos, Alois"]
[Result "1/2-1/2"]
[WhiteElo "2000"]
[BlackElo "2121"]
[PlyCount "38"]
[EventDate "2008.??.??"]
[EventType "corr"]

1. e4 e5 2. Nf3 Nc6 3. d4 exd4 4. Nxd4 Bc5 5. Be3 Qf6 6. c3 Nge7 7. g3 d5 8.
Bg2 dxe4 9. Nd2 Bxd4 10. cxd4 Bf5 11. Nxe4 Bxe4 12. Bxe4 O-O-O 13. Qg4+ Kb8 14.
O-O-O Nb4 15. Bg5 Qa6 16. Bxe7 Qc4+ 17. Kb1 Qxa2+ 18. Kc1 Qc4+ 19. Kb1 Qa2+
1/2-1/2

[Event "8MCR_4D_1L_4S"]
[Site "?"]
[Date "2008.??.??"]
[Round "?"]
[White "Sojka, Vaclav"]
[Black "Tomisek, Petr"]
[Result "1/2-1/2"]
[WhiteElo "2000"]
[BlackElo "2186"]
[PlyCount "60"]
[EventDate "2008.??.??"]
[EventType "corr"]

1. d4 Nf6 2. c4 c5 3. d5 b5 4. Nd2 bxc4 5. e4 c3 6. bxc3 g6 7. Rb1 Bg7 8. Ngf3
O-O 9. Bd3 d6 10. O-O e6 11. c4 e5 12. Nb3 Nbd7 13. Bd2 Nb6 14. Qc2 Qc7 15. Nc1
Bg4 16. Ne1 Rab8 17. a4 Bd7 18. a5 Na4 19. Rb3 Nh5 20. Ra3 Nb2 21. Be2 Nf4 22.
Bf3 g5 23. h3 f5 24. Ra2 g4 25. hxg4 fxg4 26. Rxb2 Rxb2 27. Qxb2 gxf3 28. Nxf3
Nh3+ 29. Kh1 Rxf3 30. gxf3 Qd8 1/2-1/2

[Event "8MCR_4D_1L_4S"]
[Site "?"]
[Date "2008.??.??"]
[Round "?"]
[White "Sojka, Vaclav"]
[Black "Vacek, Frantisek"]
[Result "1/2-1/2"]
[WhiteElo "2000"]
[BlackElo "2131"]
[PlyCount "70"]
[EventDate "2008.??.??"]
[EventType "corr"]

1. e4 c5 2. Nf3 Nc6 3. d4 cxd4 4. Nxd4 Nf6 5. Nc3 e5 6. Ndb5 d6 7. Bg5 a6 8.
Na3 b5 9. Bxf6 gxf6 10. Nd5 Bg7 11. Bd3 Ne7 12. Nxe7 Qxe7 13. c4 f5 14. O-O O-O
15. Qf3 f4 16. cxb5 Qg5 17. Bc4 Bg4 18. Qd3 Rab8 19. Bd5 axb5 20. Nxb5 f3 21.
a4 fxg2 22. Rfc1 Be6 23. Rc2 Qh5 24. Nc7 Bd7 25. Ra3 Kh8 26. Nb5 Bh6 27. Qf3
Qg6 28. Rc7 Bf4 29. Qxg2 Qh5 30. Rxd7 Qd1+ 31. Qf1 Qg4+ 32. Qg2 Qxd7 33. Qh3
Qd8 34. Qf5 Rc8 35. Rc3 Rg8+ 1/2-1/2

[Event "8MCR_4D_1L_4S"]
[Site "?"]
[Date "2008.??.??"]
[Round "?"]
[White "Sojka, Vaclav"]
[Black "Zimniok, Lubomir"]
[Result "1-0"]
[WhiteElo "2000"]
[BlackElo "2000"]
[PlyCount "95"]
[EventDate "2008.??.??"]
[EventType "corr"]

1. Nf3 Nf6 2. g3 g6 3. Bg2 Bg7 4. c4 O-O 5. d4 d6 6. O-O Nc6 7. Nc3 Bf5 8. d5
Na5 9. Nd4 Bd7 10. b3 c5 11. dxc6 bxc6 12. Bb2 Rb8 13. Rb1 c5 14. Nc2 Nc6 15.
Nd5 Nxd5 16. cxd5 Ne5 17. f4 Ng4 18. h3 Nf6 19. e4 Qc8 20. e5 Ne8 21. Kh2 Qa6
22. Na3 Nc7 23. Rf2 Bf5 24. Rc1 Rfd8 25. Nc4 Qxa2 26. Qe1 Re8 27. Na5 Rxb3 28.
Ba1 Qa3 29. Nxb3 Qxb3 30. Rb2 Qa4 31. Rb7 Na8 32. e6 Qa6 33. Rb3 Qa4 34. exf7+
Kxf7 35. Re3 Bf6 36. g4 Bc8 37. Re4 Qd7 38. f5 g5 39. Qg3 Qd8 40. h4 gxh4 41.
Qe3 Nc7 42. g5 Bxa1 43. Rxa1 Nxd5 44. Qh3 Rf8 45. Rxh4 Ke8 46. Bxd5 Rxf5 47.
Bc6+ Bd7 48. Rxa7 1-0

[Event "8MCR_4D_1L_4S"]
[Site "?"]
[Date "2008.??.??"]
[Round "?"]
[White "Tomisek, Petr"]
[Black "Bares, Jiri"]
[Result "1/2-1/2"]
[WhiteElo "2186"]
[BlackElo "2259"]
[PlyCount "59"]
[EventDate "2008.??.??"]
[EventType "corr"]

1. e4 c5 2. d4 cxd4 3. c3 dxc3 4. Nxc3 Nc6 5. Nf3 e6 6. Bc4 Nf6 7. O-O Nxe4 8.
Nxe4 d5 9. Bd3 dxe4 10. Bxe4 Qxd1 11. Rxd1 f6 12. Be3 e5 13. Bd5 a6 14. Rac1
Bd7 15. a3 Rc8 16. Bb6 Be7 17. Nd2 Bd8 18. Be3 b5 19. Ne4 Be7 20. b4 a5 21. Nc5
Bxc5 22. Bxc5 axb4 23. axb4 Nd4 24. Kf1 Ne6 25. Bd6 Nf4 26. Rxc8+ Bxc8 27. Bc6+
Kf7 28. Bxb5 Rd8 29. g3 Bh3+ 30. Ke1 1/2-1/2

[Event "8MCR_4D_1L_4S"]
[Site "?"]
[Date "2008.??.??"]
[Round "?"]
[White "Tomisek, Petr"]
[Black "Karasova, Eva"]
[Result "1/2-1/2"]
[WhiteElo "2186"]
[BlackElo "1900"]
[PlyCount "79"]
[EventDate "2008.??.??"]
[EventType "corr"]

1. e4 e5 2. Nf3 Nc6 3. d4 exd4 4. Bc4 Nf6 5. e5 Ng4 6. O-O d6 7. exd6 Bxd6 8.
Re1+ Be7 9. Bg5 O-O 10. Bxe7 Nxe7 11. Qxd4 Qxd4 12. Nxd4 Nf5 13. Nxf5 Bxf5 14.
Re7 Nf6 15. Nc3 Rac8 16. Bb3 Bg6 17. Rd1 Rfe8 18. Rxe8+ Rxe8 19. f3 h5 20. Nb5
c6 21. Nd6 Rd8 22. c3 b5 23. a4 Kf8 24. axb5 Ke7 25. Nc4 Rxd1+ 26. Bxd1 cxb5
27. Ne5 a6 28. Nxg6+ fxg6 29. h4 Nd5 30. Kf2 Kf6 31. g3 g5 32. hxg5+ Kxg5 33.
f4+ Kh6 34. Kf3 g5 35. Ke4 Nb6 36. Bc2 a5 37. fxg5+ Kxg5 38. Kd4 Kg4 39. Bd1+
Kxg3 40. Bxh5 1/2-1/2

[Event "8MCR_4D_1L_4S"]
[Site "?"]
[Date "2008.??.??"]
[Round "?"]
[White "Tomisek, Petr"]
[Black "Krizek, Alex"]
[Result "1-0"]
[WhiteElo "2186"]
[BlackElo "1956"]
[PlyCount "49"]
[EventDate "2008.??.??"]
[EventType "corr"]

1. e4 c5 2. d4 cxd4 3. c3 Nc6 4. cxd4 d5 5. exd5 Qxd5 6. Nf3 Nf6 7. Nc3 Qd6 8.
Nb5 Qd8 9. d5 Nb8 10. Bf4 Na6 11. Bc4 e5 12. O-O Bc5 13. Nxe5 O-O 14. Rc1 Bd7
15. Bg5 Nb8 16. Qf3 a6 17. Nc3 Bd6 18. Rfe1 Re8 19. Nxf7 Kxf7 20. Re6 Bxe6 21.
dxe6+ Kf8 22. Nd5 Rxe6 23. Nxf6 Rxf6 24. Bxf6 gxf6 25. Qg4 1-0

[Event "8MCR_4D_1L_4S"]
[Site "?"]
[Date "2008.??.??"]
[Round "?"]
[White "Tomisek, Petr"]
[Black "Schoupal, Patrik"]
[Result "0-1"]
[WhiteElo "2186"]
[BlackElo "2000"]
[PlyCount "74"]
[EventDate "2008.??.??"]
[EventType "corr"]

1. e4 c5 2. d4 cxd4 3. c3 dxc3 4. Nxc3 Nc6 5. Nf3 d6 6. Bc4 e6 7. O-O Be7 8.
Qe2 Nf6 9. Rd1 e5 10. Be3 O-O 11. Rac1 Be6 12. b4 Bxc4 13. Qxc4 Rc8 14. Qb3 a6
15. a4 h6 16. Qb1 Re8 17. b5 axb5 18. axb5 Nb8 19. Nh4 g6 20. h3 Kg7 21. Nf3
Nbd7 22. Nd2 Nb6 23. Rc2 Nfd7 24. Nf3 Nc4 25. Nd5 Nxe3 26. Nxe3 Rxc2 27. Qxc2
Qc8 28. Qb1 Nf6 29. Rc1 Qd7 30. Rd1 Qc7 31. Nd2 Qc5 32. Ndc4 Rd8 33. Rd3 h5 34.
Nd2 Ra8 35. Qb2 Ra4 36. Rc3 Rb4 37. Rb3 Rxb3 0-1

[Event "8MCR_4D_1L_4S"]
[Site "?"]
[Date "2008.??.??"]
[Round "?"]
[White "Tomisek, Petr"]
[Black "Vacek, Frantisek"]
[Result "1-0"]
[WhiteElo "2186"]
[BlackElo "2131"]
[PlyCount "43"]
[EventDate "2008.??.??"]
[EventType "corr"]

1. e4 c5 2. d4 cxd4 3. c3 e6 4. cxd4 d5 5. Nc3 dxe4 6. f3 Nc6 7. Bb5 exf3 8.
Nxf3 Bd7 9. O-O Nf6 10. d5 Qb6+ 11. Kh1 Nxd5 12. Nxd5 exd5 13. Qe2+ Be7 14. Bg5
f6 15. Bf4 Qd8 16. Rfe1 Kf7 17. Rad1 Bb4 18. Rxd5 Bxe1 19. Bc4 Kf8 20. Bd6+ Ne7
21. Ng5 g6 22. Re5 1-0

[Event "8MCR_4D_1L_4S"]
[Site "?"]
[Date "2008.??.??"]
[Round "?"]
[White "Tomisek, Petr"]
[Black "Zimniok, Lubomir"]
[Result "1-0"]
[WhiteElo "2186"]
[BlackElo "2000"]
[PlyCount "47"]
[EventDate "2008.??.??"]
[EventType "corr"]

1. e4 d5 2. exd5 Qxd5 3. Nc3 Qd6 4. d4 Nf6 5. Bc4 a6 6. Nge2 Qc6 7. Bb3 Qxg2 8.
Rg1 Qf3 9. Bf4 Bg4 10. Qd2 e6 11. d5 Bc5 12. O-O-O O-O 13. h3 Qxh3 14. Rg3 Qh5
15. f3 Bxf3 16. Rg5 Qh4 17. dxe6 b6 18. Rf1 Bxe2 19. exf7+ Kh8 20. Qxe2 Nbd7
21. Bd2 h6 22. Qg2 hxg5 23. Rh1 Qh7 24. Ne4 1-0

[Event "8MCR_4D_1L_4S"]
[Site "?"]
[Date "2008.??.??"]
[Round "?"]
[White "Vacek, Frantisek"]
[Black "Bares, Jiri"]
[Result "0-1"]
[WhiteElo "2131"]
[BlackElo "2259"]
[PlyCount "148"]
[EventDate "2008.??.??"]
[EventType "corr"]

1. e4 c5 2. Nf3 d6 3. Bb5+ Bd7 4. Bxd7+ Qxd7 5. O-O Nc6 6. Re1 Nf6 7. d4 cxd4
8. Nxd4 g6 9. Nc3 Bg7 10. Nf3 O-O 11. Nd5 Ng4 12. c3 e6 13. Ne3 Nge5 14. Ng5 f5
15. exf5 gxf5 16. f4 Nf7 17. Nxf7 Rxf7 18. Re2 Qc7 19. Kh1 Rf6 20. Nc2 Rg6 21.
Be3 Ne7 22. Qd3 Nd5 23. Rae1 Nf6 24. Bd4 Ne4 25. Bxg7 Qxg7 26. Nd4 Kh8 27. g4
Re8 28. gxf5 exf5 29. Rf1 Rg8 30. Nf3 Rg2 31. Ng5 Rg4 32. Rxe4 fxe4 33. Qd5 Qg6
34. Nf7+ Kg7 35. Ng5 e3 36. Qxb7+ Kh6 37. Qf3 Qf5 38. Qxe3 Rf8 39. c4 d5 40.
cxd5 Qxd5+ 41. Ne4 Rg6 42. f5+ Kg7 43. Qc3+ Kg8 44. fxg6 Rxf1+ 45. Kg2 Rf5 46.
gxh7+ Kxh7 47. Qh3+ Kg7 48. Qg4+ Kf8 49. b3 Re5 50. Qf3+ Ke7 51. Ng3 Ke6 52.
Kf2 Qd2+ 53. Kg1 Re1+ 54. Nf1 Qd4+ 55. Kg2 Qd5 56. Qxd5+ Kxd5 57. Kf2 Ra1 58.
a4 Kd4 59. h4 Rb1 60. Nd2 Rb2 61. Ke1 Kd3 62. Nc4 Rxb3 63. Ne5+ Ke3 64. Kd1 Rb4
65. Kc2 Rxa4 66. h5 Rh4 67. Kc3 Rxh5 68. Nc4+ Ke4 69. Na3 Kd5 70. Kb3 Rh4 71.
Nb1 Kc5 72. Nc3 Rh3 73. Kc2 Kc4 74. Na2 Rh2+ 0-1

[Event "8MCR_4D_1L_4S"]
[Site "?"]
[Date "2008.??.??"]
[Round "?"]
[White "Vacek, Frantisek"]
[Black "Chvojka, Jaroslav"]
[Result "1/2-1/2"]
[WhiteElo "2131"]
[BlackElo "2231"]
[PlyCount "63"]
[EventDate "2008.??.??"]
[EventType "corr"]

1. e4 c6 2. d4 d5 3. e5 Bf5 4. Nf3 e6 5. Be2 Ne7 6. O-O Nd7 7. Nbd2 Ng6 8. Nb3
Bg4 9. Be3 Be7 10. c3 O-O 11. Re1 c5 12. h3 Bxf3 13. Bxf3 Rc8 14. Qe2 cxd4 15.
cxd4 Nb6 16. Na5 Bb4 17. Bd2 Rc2 18. Bxb4 Rxe2 19. Bxe2 Qg5 20. Bxf8 Kxf8 21.
Bf1 Nh4 22. Re3 Nf5 23. Rd3 Nc4 24. Nxc4 dxc4 25. Rdd1 Qd8 26. d5 exd5 27. Bxc4
d4 28. Re1 g6 29. a3 Qb6 30. b3 Qc5 31. a4 a6 32. Rac1 1/2-1/2

[Event "8MCR_4D_1L_4S"]
[Site "?"]
[Date "2008.??.??"]
[Round "?"]
[White "Vacek, Frantisek"]
[Black "Karasova, Eva"]
[Result "0-1"]
[WhiteElo "2131"]
[BlackElo "1900"]
[PlyCount "108"]
[EventDate "2008.??.??"]
[EventType "corr"]

1. e4 e5 2. Nf3 Nc6 3. Nc3 Nf6 4. d4 exd4 5. Nxd4 Bb4 6. Nxc6 bxc6 7. Bd3 d5 8.
exd5 cxd5 9. O-O O-O 10. Bg5 c6 11. a3 Be7 12. h3 Be6 13. b3 Bd6 14. Re1 h6 15.
Bh4 Re8 16. Qf3 g5 17. Bg3 Kg7 18. Bxd6 Qxd6 19. g4 Bd7 20. Re3 Rxe3 21. Qxe3
Re8 22. Qd2 Qe5 23. Rf1 c5 24. Ne2 h5 25. f4 gxf4 26. Qxf4 Qxf4 27. Nxf4 hxg4
28. hxg4 Bxg4 29. Rf2 Re1+ 30. Rf1 Rxf1+ 31. Kxf1 Kh6 32. c4 d4 33. b4 Kg5 34.
Ne2 Bxe2+ 35. Kxe2 Nd7 36. Bc2 Kf6 37. Ba4 Ke7 38. Bb3 Kd6 39. Kf3 Ne5+ 40. Ke4
Nc6 41. b5 Na5 42. Ba2 f5+ 43. Kf4 Ke6 44. a4 Kd6 45. Kxf5 d3 46. Bb1 d2 47.
Bc2 Nxc4 48. Ke4 Nb2 49. a5 d1=Q 50. Bxd1 Nxd1 51. Kd3 Kd5 52. b6 axb6 53. axb6
Kc6 54. b7 Kxb7 0-1

[Event "8MCR_4D_1L_4S"]
[Site "?"]
[Date "2008.??.??"]
[Round "?"]
[White "Vacek, Frantisek"]
[Black "Klimecka, Alena"]
[Result "1-0"]
[WhiteElo "2131"]
[BlackElo "1600"]
[PlyCount "21"]
[EventDate "2008.??.??"]
[EventType "corr"]

1. e4 e5 2. Nf3 Nc6 3. d4 exd4 4. Nxd4 Bc5 5. Be3 Bxd4 6. Bxd4 Nf6 7. Nc3 O-O
8. Qd3 d6 9. O-O-O Be6 10. Be2 Nxd4 11. Qxd4 1-0

[Event "8MCR_4D_1L_4S"]
[Site "?"]
[Date "2008.??.??"]
[Round "?"]
[White "Vacek, Frantisek"]
[Black "Krizek, Alex"]
[Result "1/2-1/2"]
[WhiteElo "2131"]
[BlackElo "1956"]
[PlyCount "50"]
[EventDate "2008.??.??"]
[EventType "corr"]

1. e4 c5 2. Nf3 d6 3. Bb5+ Bd7 4. Bxd7+ Nxd7 5. O-O e5 6. d3 Be7 7. Nc3 a6 8.
a4 Ngf6 9. Nh4 g6 10. a5 b5 11. axb6 Qxb6 12. Bh6 Qxb2 13. Qd2 Qb7 14. Nf3 a5
15. Ra3 Bd8 16. Rfa1 Bb6 17. Rb1 Qc6 18. Rb5 Bd8 19. Rb2 Rg8 20. Bg5 Bc7 21.
Ra1 h5 22. Bh4 Bd8 23. Bg5 a4 24. Nb5 Nb6 25. Rab1 Nfd7 1/2-1/2

[Event "8MCR_4D_1L_4S"]
[Site "?"]
[Date "2008.??.??"]
[Round "?"]
[White "Vacek, Frantisek"]
[Black "Schoupal, Patrik"]
[Result "0-1"]
[WhiteElo "2131"]
[BlackElo "2000"]
[PlyCount "130"]
[EventDate "2008.??.??"]
[EventType "corr"]

1. e4 c5 2. Nf3 d6 3. Bb5+ Bd7 4. Bxd7+ Qxd7 5. O-O Nc6 6. Re1 Nf6 7. d4 cxd4
8. Nxd4 g6 9. Nc3 Bg7 10. Nf3 O-O 11. Nd5 Nxd5 12. exd5 Ne5 13. c3 Rfc8 14. a4
Rc4 15. Ra3 a6 16. Nd2 Rcc8 17. Nb3 b6 18. Ra2 Qf5 19. Qd2 Bf6 20. Rd1 Qe4 21.
f3 Qc4 22. Ra3 b5 23. f4 Nd7 24. Kh1 Nb6 25. a5 Nd7 26. Qd3 Qxd3 27. Rxd3 b4
28. cxb4 Rab8 29. Bd2 Bxb2 30. Ra2 Bg7 31. g4 Nf6 32. g5 Ne4 33. Be1 Bc3 34.
Re2 Rxb4 35. Rxe4 Rxe4 36. Bxc3 Rxf4 37. Nd2 Rc5 38. h3 Rf5 39. Re3 Rfxd5 40.
Ne4 Rc8 41. Kg1 Rb5 42. Kh1 Rb3 43. Bd2 Rxe3 44. Bxe3 Rc4 45. Nf2 Kg7 46. Kg2
f5 47. gxf6+ Kxf6 48. Bb6 e5 49. Kf3 d5 50. Ke2 Ke6 51. Nd3 Kd6 52. Kd2 d4 53.
Ba7 e4 54. Bb8+ Kd5 55. Nf4+ Kc6 56. Kd1 Kb5 57. Ba7 Kxa5 58. Ne6 d3 59. Be3
Kb4 60. Nd4 Kc3 61. Ne6 Ra4 62. Bd2+ Kc4 63. Bh6 a5 64. Nc7 Ra1+ 65. Kd2 a4 0-1

[Event "8MCR_4D_1L_4S"]
[Site "?"]
[Date "2008.??.??"]
[Round "?"]
[White "Vacek, Frantisek"]
[Black "Zimniok, Lubomir"]
[Result "1/2-1/2"]
[WhiteElo "2131"]
[BlackElo "2000"]
[PlyCount "63"]
[EventDate "2008.??.??"]
[EventType "corr"]

1. e4 c5 2. b3 Nc6 3. f4 Nf6 4. d3 g6 5. Be2 Bg7 6. c3 d6 7. Nf3 O-O 8. Qd2 Qb6
9. Na3 d5 10. e5 Nh5 11. d4 Bh6 12. dxc5 Qxc5 13. g3 Bh3 14. b4 Qb6 15. Qxd5
Rfd8 16. Qb3 Bg2 17. Nc4 Qc7 18. Rg1 Bxf3 19. Bxf3 Rd3 20. Be3 Nxf4 21. gxf4
Bxf4 22. Bxf4 Rxf3 23. Rf1 Nd4 24. Rxf3 Nxb3 25. axb3 Qc6 26. Kf2 b5 27. Na5
Qd5 28. Re1 Rc8 29. h3 h5 30. Re2 Qe6 31. Bg5 Rd8 32. Nb7 1/2-1/2

[Event "8MCR_4D_1L_4S"]
[Site "?"]
[Date "2008.??.??"]
[Round "?"]
[White "Zimniok, Lubomir"]
[Black "Bares, Jiri"]
[Result "1/2-1/2"]
[WhiteElo "2000"]
[BlackElo "2259"]
[PlyCount "108"]
[EventDate "2008.??.??"]
[EventType "corr"]

1. e4 c5 2. Nf3 d6 3. d4 cxd4 4. Nxd4 Nf6 5. Nc3 a6 6. Bc4 e6 7. Bb3 b5 8. O-O
Be7 9. Qf3 Qc7 10. Qg3 O-O 11. Bh6 Ne8 12. Rad1 Bf6 13. Be3 Bb7 14. Qh3 b4 15.
Na4 Nc6 16. Nxe6 fxe6 17. Bxe6+ Kh8 18. Nb6 Ne7 19. Nd7 Rg8 20. e5 dxe5 21. Bc5
Ng6 22. Bxg8 Kxg8 23. Qb3+ Kh8 24. Qxb4 Bd8 25. Bb6 Qc6 26. f3 Be7 27. Bc5 Bh4
28. Qb6 Qc8 29. Qa5 e4 30. fxe4 Qc6 31. Rd2 Rc8 32. Bb4 Nf6 33. Nxf6 Bxf6 34.
Bc3 Be7 35. Re1 Nf4 36. Kh1 Rf8 37. Rf2 Qg6 38. Re3 Bh4 39. Qb4 Rf7 40. g3 Bxg3
41. hxg3 Qh5+ 42. Rh2 Nh3 43. Qc4 Bxe4+ 44. Rxe4 Qf3+ 45. Rg2 Nf2+ 46. Kh2 Nxe4
47. Qd3 Nxc3 48. Rd2 Kg8 49. bxc3 g6 50. Qxa6 Qh5+ 51. Kg1 Qc5+ 52. Kg2 Qxc3
53. Rd8+ Kg7 54. Qd3 Qxd3 1/2-1/2

[Event "8MCR_4D_1L_4S"]
[Site "?"]
[Date "2008.??.??"]
[Round "?"]
[White "Zimniok, Lubomir"]
[Black "Chvojka, Jaroslav"]
[Result "1/2-1/2"]
[WhiteElo "2000"]
[BlackElo "2231"]
[PlyCount "117"]
[EventDate "2008.??.??"]
[EventType "corr"]

1. e4 c6 2. Nc3 d5 3. Qf3 d4 4. Bc4 e6 5. Nce2 c5 6. d3 Nc6 7. Qg3 b5 8. Bb3
Ba6 9. a4 b4 10. a5 Bb5 11. Nf3 h6 12. O-O Nf6 13. e5 Nd5 14. a6 g5 15. h4 gxh4
16. Nxh4 Nce7 17. Qf3 Bg7 18. Nf4 Nxf4 19. Bxf4 Rg8 20. Qh5 Qd7 21. Ra5 Rb8 22.
Rfa1 Qc6 23. g3 Rb6 24. Rxb5 Rxb5 25. Ba4 Nd5 26. Bd2 Qb6 27. Qf3 Nc7 28. Qe4
Rh8 29. Nf3 Kd8 30. Bxb5 Qxb5 31. Qg4 Bf8 32. Qh5 Be7 33. Ng5 Qe8 34. Nxf7+ Kd7
35. g4 Rh7 36. Nxh6 Qxh5 37. gxh5 Kc6 38. Kg2 Bf8 39. Ng4 Rxh5 40. f4 Ne8 41.
Rg1 Kb5 42. Nf2 Kxa6 43. Ne4 Ng7 44. Kf3 Rh3+ 45. Rg3 Rxg3+ 46. Nxg3 Nf5 47.
Kg4 Nxg3 48. Kxg3 Kb5 49. Kg4 a5 50. b3 a4 51. bxa4+ Kxa4 52. f5 exf5+ 53. Kxf5
Ka3 54. e6 Kb2 55. Bh6 Bd6 56. Bf4 Be7 57. Bg5 Bf8 58. Bh6 Bd6 59. Bf4 1/2-1/2

[Event "8MCR_4D_1L_4S"]
[Site "?"]
[Date "2008.??.??"]
[Round "?"]
[White "Zimniok, Lubomir"]
[Black "Karasova, Eva"]
[Result "0-1"]
[WhiteElo "2000"]
[BlackElo "1900"]
[PlyCount "58"]
[EventDate "2008.??.??"]
[EventType "corr"]

1. e4 e5 2. f4 exf4 3. Nf3 g5 4. Bc4 Nc6 5. O-O Bg7 6. d4 h6 7. Kh1 d6 8. Nc3
Bg4 9. Bb5 a6 10. Bxc6+ bxc6 11. Qd3 Ne7 12. b3 Ng6 13. Ba3 O-O 14. Rad1 Be6
15. Nd2 Re8 16. Ne2 Bg4 17. h3 Bxe2 18. Qxe2 Bxd4 19. Nf3 Bg7 20. Qc4 Qd7 21.
Rfe1 a5 22. Qa4 Bc3 23. Re2 Ne5 24. Nxe5 Bxe5 25. Rd3 Re6 26. c4 Bg7 27. c5 d5
28. Rf2 Qe7 29. exd5 Re1+ 0-1

[Event "8MCR_4D_1L_4S"]
[Site "?"]
[Date "2008.??.??"]
[Round "?"]
[White "Zimniok, Lubomir"]
[Black "Krizek, Alex"]
[Result "1/2-1/2"]
[WhiteElo "2000"]
[BlackElo "1956"]
[PlyCount "70"]
[EventDate "2008.??.??"]
[EventType "corr"]

1. e4 c5 2. Nf3 d6 3. d4 cxd4 4. Nxd4 Nf6 5. Nc3 a6 6. Bc4 e5 7. Nf3 Be7 8. O-O
O-O 9. Be3 Nc6 10. Qe2 Be6 11. Rad1 b5 12. Bb3 Qd7 13. h3 Rac8 14. Bg5 Bxb3 15.
axb3 h6 16. Bxf6 Bxf6 17. Nd5 Bd8 18. Ne3 Ne7 19. Qd3 Qa7 20. Qxd6 Bb6 21. c3
Bxe3 22. fxe3 Qxe3+ 23. Kh1 Ng6 24. Rfe1 Qf2 25. Rd2 Qg3 26. Rf1 Rcd8 27. Qxd8
Rxd8 28. Rxd8+ Kh7 29. Rd2 Qf4 30. Re2 Qf6 31. Rd2 Qc6 32. Re1 a5 33. Kh2 f6
34. g3 Nf8 35. Rd5 Ne6 1/2-1/2

[Event "8MCR_4D_1L_4S"]
[Site "?"]
[Date "2008.??.??"]
[Round "?"]
[White "Zimniok, Lubomir"]
[Black "Mudra, Oldrich"]
[Result "1/2-1/2"]
[WhiteElo "2000"]
[BlackElo "2116"]
[PlyCount "65"]
[EventDate "2008.??.??"]
[EventType "corr"]

1. e4 c6 2. Nc3 d5 3. Qf3 dxe4 4. Nxe4 Nd7 5. d4 Ngf6 6. Nxf6+ Nxf6 7. c3 Bg4
8. Qg3 e6 9. Nf3 h5 10. Ne5 h4 11. Qe3 Bf5 12. Bd3 Bxd3 13. Qxd3 Qd5 14. O-O
Nd7 15. Re1 h3 16. gxh3 Nxe5 17. Rxe5 Qd7 18. Qf3 Bd6 19. Re4 O-O-O 20. Bf4 Bc7
21. Rae1 Rh7 22. Bxc7 Qxc7 23. Qg3 Qe7 24. Re5 Rdh8 25. R1e3 Rh6 26. Qg2 Qd7
27. b4 a6 28. a4 g6 29. b5 Rh5 30. bxa6 bxa6 31. Qf1 Kb7 32. Qc4 Qd8 33. Rf3
1/2-1/2

[Event "8MCR_4D_1L_4S"]
[Site "?"]
[Date "2008.??.??"]
[Round "?"]
[White "Zimniok, Lubomir"]
[Black "Schoupal, Patrik"]
[Result "0-1"]
[WhiteElo "2000"]
[BlackElo "2000"]
[PlyCount "72"]
[EventDate "2008.??.??"]
[EventType "corr"]

1. e4 c5 2. Nf3 d6 3. d4 cxd4 4. Nxd4 Nf6 5. Nc3 a6 6. Bc4 e6 7. Bb3 Nbd7 8.
Bg5 Nc5 9. O-O Be7 10. Re1 O-O 11. f4 h6 12. Bh4 Nd5 13. Bxe7 Nxe7 14. Qh5 Nxb3
15. Nxb3 b5 16. Rad1 Qb6+ 17. Kh1 Bb7 18. a3 Rad8 19. Nd4 e5 20. fxe5 dxe5 21.
Nf5 Qe6 22. Nxe7+ Qxe7 23. Qf5 f6 24. Nd5 Qf7 25. Qf3 f5 26. Rf1 Bxd5 27. exd5
e4 28. Qb3 Rfe8 29. a4 e3 30. Rd3 f4 31. axb5 axb5 32. Qxb5 Rd6 33. c4 f3 34.
gxf3 Rf6 35. b3 Kh7 36. Qxe8 Qxe8 0-1